[Event "Oravska Priehrada op"]
[Site "Namestovo"]
[Date "2017.08.26"]
[Round "4"]
[White "Hajas, Ladislav"]
[Black "Salva, Vladimir"]
[Result "1-0"]
[WhiteElo "1846"]
[BlackElo "1642"]
[PlyCount "53"]
[EventDate "2017.08.25"]
[EventType "swiss"]
[EventRounds "7"]
[EventCountry "SVK"]
[SourceTitle "CBM 180 Extra"]
[Source "ChessBase"]
[SourceDate "2017.10.06"]
[SourceVersion "1"]
[SourceVersionDate "2017.10.06"]
[SourceQuality "1"]

1. e4 b6 2. d4 Bb7 3. Nc3 e6 4. Nf3 Bb4 5. Bd3 Nf6 6. Qe2 d5 7. e5 Ne4 8. Bd2 Nxd2 9. Qxd2 Ba6 10. a3 Be7 11. 0-0 Bxd3 12. Qxd3 c5 13. Ne2 Nc6 14. Rad1 Qc7 15. c4 cxd4 16. cxd5 exd5 17. Nexd4 Nxd4 18. Qxd4 0-0 19. Qxd5 Rad8 20. Qe4 f6 21. Rc1 Qd7 22. e6 Qb5 23. b4 Rd5 24. Rc7 f5 25. Qe3 Bd6 26. e7 Bxc7 27. Qe6+ 1-0

[Event "Prague op-B 07th"]
[Site "Prague"]
[Date "2008.01.12"]
[Round "2"]
[White "Bebchuk, Leonid"]
[Black "Hajas, Ladislav"]
[Result "0-1"]
[WhiteElo "2120"]
[BlackElo "1996"]
[PlyCount "110"]
[EventDate "2008.01.11"]
[EventType "swiss"]
[EventRounds "9"]
[EventCountry "CZE"]
[SourceTitle "EXT 2010"]
[Source "ChessBase"]
[SourceDate "2010.11.25"]
[SourceVersion "1"]
[SourceVersionDate "2010.11.25"]
[SourceQuality "1"]

1. e4 e5 2. Nf3 Nc6 3. Bb5 d6 4. d4 exd4 5. Nxd4 Bd7 6. Nc3 Nf6 7. 0-0 Be7 8. Bf4 0-0 9. Re1 Nxd4 10. Qxd4 Nh5 11. Bd2 Bf6 12. Qa4 c6 13. Bf1 Be5 14. g3 b5 15. Qa3 a5 16. Nd1 Nf6 17. f4 Bd4+ 18. Be3 Bxe3+ 19. Rxe3 d5 20. e5 Ng4 21. Re2 Qb6+ 22. Nf2 Bf5 23. Qf3 Rad8 24. Rd1 h5 25. h3 Be4 26. Qc3 b4 27. Qe1 Nh6 28. Bg2 Bxg2 29. Kxg2 Nf5 30. g4 hxg4 31. hxg4 Nd4 32. Red2 Ne6 33. Nh3 Nc5 34. Qe3 Rfe8 35. Nf2 Qb5 36. Rh1 Ne6 37. f5 d4 38. Qg3 Qd5+ 39. Kf1 Nc5 40. Qh4 f6 41. Qh7+ Kf8 42. e6 Ne4 43. Qh8+ Ke7 44. Qxg7+ Kd6 45. Nxe4+ Qxe4 46. Rhh2 Kc5 47. Qxf6 Qxg4 48. e7 Rd5 49. Rhf2 Qe4 50. Qe6 Re5 51. Qg6 R8xe7 52. Qh5 Qe1+ 53. Kg2 Rg7+ 54. Kh3 Re3+ 55. Kh4 Qh1+ 0-1

[Event "SVK-ch op-B"]
[Site "Banska Stiavnica"]
[Date "2006.07.09"]
[Round "2"]
[White "Hajas, Ladislav"]
[Black "Hudakova, Hana"]
[Result "1-0"]
[WhiteElo "1986"]
[BlackElo "1748"]
[PlyCount "43"]
[EventDate "2006.07.08"]
[EventType "swiss"]
[EventRounds "9"]
[EventCountry "SVK"]
[SourceTitle "CBM 113 Extra"]
[Source "ChessBase"]
[SourceDate "2006.09.14"]
[SourceVersion "1"]
[SourceVersionDate "2006.09.14"]
[SourceQuality "1"]

1. e4 c5 2. Bc4 e6 3. Nc3 a6 4. a4 d6 5. f4 Nc6 6. Nf3 Qc7 7. 0-0 Nd4 8. d3 Nxf3+ 9. Qxf3 Nf6 10. Qg3 Rb8 11. e5 Nd7 12. exd6 Qxd6 13. Ne4 Qe7 14. f5 b5 15. fxe6 fxe6 16. Bg5 bxc4 17. Bxe7 Kxe7 18. Nxc5 Rxb2 19. Nxe6 Rxc2 20. Nxg7 Bb7 21. Rae1+ Kd8 22. Ne6+ 1-0